000 00976nam a2200253 i 4500
001 156639
003 ES-MaACL
005 20230906210449.0
008 040804q18801890fr a |||| | fre d
040 _aCAM
_bspa
_cCAM
100 1 _aKock, Paul de (
_d1793-1871)
_9152765
245 1 3 _a[Le petit Isidore ou Le millionnaire /
_cPaul de Kock].
260 _a[S.l.] :
_b[s.n.],
_c[s.a.]
300 _a94 p. :
_bil. ;
_c30 cm.
490 1 _aRomans illustés
594 _aTít., autor y serie constan en cabecera de primera p.
596 _aParece que la serie "Romans illustrés" la editó J. Rouff en Paris en la década de 1880, por lo que consta en la BNF.
597 _aTexto a dos col.
599 _aIl. xil. intercaladas en el texto.
740 3 1 _aLe millionnaire.
830 0 _aRomans illustés
_9221697
852 _aES-MaACL
_jR-1705(11)
_z- Enc. hol.
_q- Sólo las primeras 94 pp.
_q- Falto de port.
_z- Enc. en un vol. facticio
999 _c156639
_d156639